<?xml version="1.0" encoding="utf-8"?>
<?xml-stylesheet type='text/xsl' href='./oai2.xsl'?>
<OAI-PMH xmlns="http://www.openarchives.org/OAI/2.0/" xmlns:xsi="http://www.w3.org/2001/XMLSchema-instance" xsi:schemaLocation="http://www.openarchives.org/OAI/2.0/ http://www.openarchives.org/OAI/2.0/OAI-PMH.xsd">
  <responseDate>2026-06-05T19:15:38Z</responseDate>
  <request verb="GetRecord" metadataPrefix="marcxml" identifier="record_kuniweb_414357">https://kulturerbe.niedersachsen.de/oai</request>
  <GetRecord>
    <record>
      <header>
        <identifier>record_kuniweb_414357</identifier>
        <datestamp>2026-03-31T19:09:18Z</datestamp>
        <setSpec>slg0184</setSpec>
      </header>
      <metadata>
        <marc:record xmlns:marc="http://www.loc.gov/MARC21/slim" xsi:schemaLocation="http://www.loc.gov/MARC21/slim http://www.loc.gov/standards/marcxml/schema/MARC21slim.xsd">
          <marc:leader>12345nkm  22     uu 4500</marc:leader>
          <marc:controlfield tag="001">414357</marc:controlfield>
          <marc:controlfield tag="003">http://kuniweb.gbv.de</marc:controlfield>
          <marc:controlfield tag="005">2025-12-16T14:14:52</marc:controlfield>
          <marc:controlfield tag="008">|           ||||||||||||||||||||||</marc:controlfield>
          <marc:datafield tag="245" ind1="1" ind2="0">
            <marc:subfield code="a">Entwurf eines Landhauses</marc:subfield>
          </marc:datafield>
          <marc:datafield tag="720" ind1=" " ind2=" ">
            <marc:subfield code="a">Peter Joseph Krahe</marc:subfield>
          </marc:datafield>
          <marc:datafield tag="655" ind1=" " ind2="7">
            <marc:subfield code="a">Grafik</marc:subfield>
          </marc:datafield>
          <marc:datafield tag="046" ind1=" " ind2=" ">
            <marc:subfield code="k">1787</marc:subfield>
            <marc:subfield code="k">1787-1794</marc:subfield>
            <marc:subfield code="l">1794</marc:subfield>
          </marc:datafield>
          <marc:datafield tag="260" ind1=" " ind2=" ">
            <marc:subfield code="g">1787</marc:subfield>
            <marc:subfield code="g">1794</marc:subfield>
            <marc:subfield code="g">1787-1794</marc:subfield>
          </marc:datafield>
          <marc:datafield tag="300" ind1=" " ind2=" ">
            <marc:subfield code="a">Breite: 233 mm
Höhe: 338 mm</marc:subfield>
          </marc:datafield>
          <marc:datafield tag="520" ind1=" " ind2=" ">
            <marc:subfield code="a">Kleines Landhaus von 3 x 5 Fenster-Achsen mit Souterrain und Mezzanin. a) Grundriß des Hauptgeschosses. Zugang von einem kleinen Vestibül in einen quadratischen Saal, der als Risalit aus der gegenüberliegenden Front etwas hervortritt, und seitlich angeordneten Wohn- und Schlafräumen, in den Grundrisszwickeln eine Treppe und kleine Heizräume, Freitreppen vor Eingang und Saal. b, c) Zwei Ansichten. Über einer aus Basisstreifen, Souterrain und Brüstungsband gestuften Sockelzone stehen hohe Fenstertüren des Hauptgeschosses und kleinere Fenster eines Mezzanins, in glatte Flächen eingeschnitten. Auf beiden Seiten wird die Mitte durch ein bis zur Traufe reichendes Palladio-Motiv in rechteckiger Rahmung betont, das als Zugang zum Vestibül und in der Mitte des gartenseitigen Risalits als Zugang zum Saal dient. Abschluss durch umlaufende Profile und eine Attika, die über den Zugängen durch Baluster ersetzt ist, Walmdach mit niedrigem Streifen als Firstverstärkung in der Breite des gartenseitigen Risalits.  (Städtisches Museum Braunschweig)

Aufschrift:
Nachträglich bezeichnet, mit Feder in Schwarz, oben rechts: "163"

Stempel:
oben rechts, Krahe-Nachlass-Stempel in Rot

Wasserzeichen:
nicht identifiziert.

Veröffentlicht in:
R. Dorn und P. J. Krahe, „Bauten und Projekte Peter Joseph Krahes in Düsseldorf, Koblenz, Hannover und Braunschweig 1787 - 1806 Untersuchungen des zeichnerischen Nachlasses und beschreibender Katalog“, Peter Joseph Krahe, Bd. Bd. 2. Klinkhardt &amp;amp; Biermann, Braunschweig, 1971. (S. 173, Kat. Nr. 369.)</marc:subfield>
          </marc:datafield>
          <marc:datafield tag="650" ind1="1" ind2=" ">
            <marc:subfield code="a">Grundriss</marc:subfield>
          </marc:datafield>
          <marc:datafield tag="650" ind1="1" ind2=" ">
            <marc:subfield code="a">Sphinx</marc:subfield>
          </marc:datafield>
          <marc:datafield tag="650" ind1="1" ind2=" ">
            <marc:subfield code="a">Villa</marc:subfield>
          </marc:datafield>
          <marc:datafield tag="650" ind1="1" ind2=" ">
            <marc:subfield code="a">Landhaus</marc:subfield>
          </marc:datafield>
          <marc:datafield tag="650" ind1="1" ind2=" ">
            <marc:subfield code="a">Grafik, Fotografie &gt; Zeichnung &gt; Federzeichnung</marc:subfield>
          </marc:datafield>
          <marc:datafield tag="650" ind1="1" ind2=" ">
            <marc:subfield code="a">Zeichnung/Grafik</marc:subfield>
          </marc:datafield>
          <marc:datafield tag="773" ind1="0" ind2=" ">
            <marc:subfield code="t">Sammlung Grafik</marc:subfield>
          </marc:datafield>
          <marc:datafield tag="852" ind1=" " ind2=" ">
            <marc:subfield code="a">Städtisches Museum Braunschweig</marc:subfield>
          </marc:datafield>
          <marc:datafield tag="852" ind1=" " ind2=" ">
            <marc:subfield code="a">Deutschland</marc:subfield>
          </marc:datafield>
          <marc:datafield tag="" ind1=" " ind2=" ">
            <marc:subfield code="a">kein Copyright / Public domain (CC0 1.0)</marc:subfield>
          </marc:datafield>
        </marc:record>
      </metadata>
    </record>
  </GetRecord>
</OAI-PMH>
